000 00601nam a22002297a 4500
003 UA-OsUOA
001 74531
007 ta
008 20110411b un ||||| |||| 00| 0 ukr d
100 _aЧернецький І.І.
090 _a821.161.2-1
_bЧ-49
942 _cBK
040 _aUA-OsUOA
_bukr
_cUA-OsUOA
_dUA-OsUOA
245 _aЗірниці
_bпоезії
300 _a70 с.
955 _a3
041 _aukr
080 _a821.161.2-1
260 _aЛьвів
_bКаменяр
_c1985
650 7 _a82 Література. Літературознавство
_2UDC
999 _c360824
_d360824